| 000 | 00669nam a22001937a 4500 | ||
|---|---|---|---|
| 008 | 200101b xxu||||| |||| 00| 0 eng d | ||
| 020 | _a9789937271950 | ||
| 041 | _aNep. | ||
| 082 | _aN133.5/Bh268s | ||
| 100 | _aBhandari,Haris chandra | ||
| 241 | _aSaral pang falit bhag-1: jotis satrako bebaharik pustak | ||
| 245 |
_aसरल पाङ फलित भाग१ः _bज्योतिषशास्त्र व्यावहारिक पुस्तक |
||
| 250 | _a2nd. | ||
| 260 |
_aPokhara: _bSarita bhandari, _c2074 B.S. |
||
| 300 | _a160p.; illus. | ||
| 504 | _aIncludes references, Volume-1 | ||
| 650 |
_aAstrology _915953 |
||
| 942 |
_2ddc _cISBN |
||
| 999 |
_c89444 _d89433 |
||